MARC details
| 000 -CABECERA |
| campo de control de longitud fija |
01257nam a2200289 a 4500 |
| 001 - NÚMERO DE CONTROL |
| campo de control |
000017780 |
| 005 - FECHA Y HORA DE LA ÚLTIMA TRANSACCIÓN |
| campo de control |
20240307073947.0 |
| 008 - DATOS DE LONGITUD FIJA--INFORMACIÓN GENERAL |
| campo de control de longitud fija |
100331s2004 dr ac 000 0bspa d |
| 020 ## - NÚMERO INTERNACIONAL ESTÁNDAR DEL LIBRO |
| Número Internacional Estándar del Libro |
9993497274 |
| 040 ## - FUENTE DE LA CATALOGACIÓN |
| Centro catalogador/agencia de origen |
DO-SdBNP |
| Lengua de catalogación |
spa |
| Centro/agencia transcriptor |
BNPHU |
| 082 ## - NÚMERO DE LA CLASIFICACIÓN DECIMAL DEWEY |
| Número de clasificación |
920.72 |
| Número de documento/Ítem |
D542u |
| 100 1# - ENTRADA PRINCIPAL--NOMBRE DE PERSONA |
| Nombre de persona |
Díaz S., Fidias Omar |
| 9 (RLIN) |
38663 |
| 245 13 - MENCIÓN DE TÍTULO |
| Título |
La UASD ametrallada y Sagrario asesinada / |
| Mención de responsabilidad, etc. |
Fidias Omar Díaz S. ; presentación Emma Polanco Melo ; prólogo Roberto Cassá. |
| 260 ## - PUBLICACIÓN, DISTRIBUCIÓN, ETC. |
| Lugar de publicación, distribución, etc. |
Santo Domingo : |
| Nombre del editor, distribuidor, etc. |
UASD, |
| Fecha de publicación, distribución, etc. |
2004. |
| 300 ## - DESCRIPCIÓN FÍSICA |
| Extensión |
166 P. : |
| Otras características físicas |
il., retr. ; |
| Dimensiones |
21 cm. |
| 490 1# - MENCIÓN DE SERIE |
| Mención de serie |
Publicaciones de la Universidad Autónoma de Santo Domingo ; |
| Designación de volumen o secuencia |
1135 |
| 490 1# - MENCIÓN DE SERIE |
| Mención de serie |
Historia y sociedad ; |
| Designación de volumen o secuencia |
104 |
| 600 14 - PUNTO DE ACCESO ADICIONAL DE MATERIA--NOMBRE DE PERSONA |
| Nombre de persona |
DÍAZ, SAGRARIO, |
| Fechas asociadas al nombre |
1946-1972 |
| 9 (RLIN) |
26810 |
| 650 #4 - PUNTO DE ACCESO ADICIONAL DE MATERIA--TÉRMINO DE MATERIA |
| Término de materia o nombre geográfico como elemento de entrada |
Estudiantes universitarios |
| Subdivisión general |
Actividades políticas |
| 9 (RLIN) |
31160 |
| 651 #4 - PUNTO DE ACCESO ADICIONAL DE MATERIA--NOMBRE GEOGRÁFICO |
| Nombre geográfico |
República Dominicana |
| Subdivisión cronológica |
POLÍTICA Y GOBIERNO 1966-1978 |
| 9 (RLIN) |
38664 |
| 650 #4 - PUNTO DE ACCESO ADICIONAL DE MATERIA--TÉRMINO DE MATERIA |
| Término de materia o nombre geográfico como elemento de entrada |
Movimientos estudiantiles |
| Subdivisión general |
Historia |
| Subdivisión cronológica |
SIGLO XX |
| 9 (RLIN) |
38665 |
| 700 12 - PUNTO DE ACCESO ADICIONAL--NOMBRE DE PERSONA |
| Nombre de persona |
Polanco Melo, Emma, |
| 9 (RLIN) |
1975 |
| 700 12 - PUNTO DE ACCESO ADICIONAL--NOMBRE DE PERSONA |
| Nombre de persona |
Cassá, Roberto, |
| Fechas asociadas al nombre |
1948- |
| Término indicativo de función/relación |
pról. |
| 9 (RLIN) |
10888 |
| 710 1# - PUNTO DE ACCESO ADICIONAL--NOMBRE DE ENTIDAD CORPORATIVA |
| Nombre de entidad corporativa o nombre de jurisdicción como elemento de entrada |
Universidad Autónoma de Santo Domingo |
| 9 (RLIN) |
72951 |
| 830 #0 - PUNTO DE ACCESO ADICIONAL DE SERIE-TÍTULO UNIFORME |
| Título uniforme |
Publicaciones de la Universidad Autónoma de Santo Domingo ; |
| Designación de volumen o secuencia |
1135 |
| Nombre de parte o sección de la obra |
Historia y sociedad ; |
| Número de parte o sección de la obra |
104 |
| 9 (RLIN) |
38666 |
| 910 ## - DATOS DE OPCIÓN DEL USUARIO (OCLC) |
| Datos de opción del usuario |
Validado. Control de calidad MFF |